De Marx a Brezhnev: La sagrada familia, 1844, 1974

Gorde:
Xehetasun bibliografikoak
Egile nagusia: Falcionelli, Alberto (Egilea)
Formatua: Liburua
Hizkuntza:gaztelania
Argitaratua: Valparaíso Ediciones Universidad Católica de Valparaíso 1975
Edizioa:1a. ed
Gaiak:
Etiketak: Etiketa erantsi
Etiketarik gabe, Izan zaitez lehena erregistro honi etiketa jartzen!

MARC

LEADER 00000nam a2200000 a 4500
001 UCJ4992
003 CL-VaPUC
008 070124e19750308CL |||||||||||||||||spa|d
082 0 4 |a 947  |b FAL  |2 21 
100 0 |a Falcionelli, Alberto  |e author  |9 509626 
245 1 0 |a De Marx a Brezhnev: La sagrada familia, 1844, 1974 
250 |a 1a. ed 
300 |a 335 p 
942 |c BK 
945 |d 20070124 00:00:00  |a rinostro 
260 |a Valparaíso  |b Ediciones Universidad Católica de Valparaíso  |c 1975 
500 |a El autor fue profesor del Instituto de Historia de nuestra Universidad 
650 7 |a SOCIALISMO MARXISTA  |2 CL-VaPUC  |9 508936 
650 0 |a Archivo histórico PUCV  |9 255554 
650 7 |a TERROR  |2 CL-VaPUC  |9 505575 
650 0 |a Dictaduras  |9 343155 
650 0 |a Proletariado  |9 269152 
650 0 |a Guerra Fría   |9 319648 
651 0 |a Unión Soviética  |9 256769 
583 |a last modification  |c 20070124 00:00:00  |k Rodrigo Vera 
999 |c 321106  |d 321104 
952 |0 0  |1 0  |4 0  |6 947_000000000000000_FAL_1975  |7 0  |8 X  |9 399772  |a FDOBUD  |b FDOBUD  |d 2019-11-22  |i 1023950  |o 947 FAL 1975  |p 1023950  |r 2019-11-22  |w 2019-11-22  |y BK_X  |k BUD